00711nam a2200205Ia 4500003000900000008004100009020001800050040001600068080001800084100002700102245013300129260003700262300001000299650004100309650001400350650001900364942000700383999001500390952010000405IN-BaIIA211028s9999 xx 000 0 eng d a0-88126-702-3 cIIA Library a524.83bPAC-2 aPacholczyk, A. G96715 4aThe catastrophic universeban essay in the philosophy of cosmologycA. G. Pacholczyk  aTucsonbPachard Publishingc1984 a126p. aAstronomy and astrophysics thesaurus aCosmology aUniverse91987 cBK c8458d8458 00104070aBANbBANcGENd1985-09-05l0o524.83/ PAC-2p9310r2021-11-05w1985-09-05yBKG12.7